=LDR 00000nam 2200000 4500 =001 INLIS000000000039666 =005 20241029094108 =035 ##$$a 0010-061300000039666 =008 241029################b##########0#ind## =041 ##$$a ind =082 ##$$a 028.5 =090 ##$$a 028.5, Bas d.1 =100 ##$$a BAZER, Gina =245 1#$$a Dicari, Anjing gedung putih /$c Gina bazer, Renanah lehner;Alih bahasa,Dini pandia =260 ##$$a Jakarta :$b Gramedia Pustaka Utama,$c 2009 =300 ##$$a 35 Hlm : $b Ilus, ; $c 27,5 cm =650 #4$$a BACAAN KANAK-KANAK =700 #$$a PANDIA, Dini =850 ##$$a NBPNMAT =020 ##$$a 9792247882 =084 ##$$a 028.5 BAZ d =990 ##$$a 0163/BPAP-NTB/2016